Mintmarks on American coins - Statistics

General Stats
  • This quiz has been taken 38 times
  • The average score is 6 of 9
Answer Stats
Mintmark Mint Operating % Correct
D Denver yes
92%
none Philadelphia yes
92%
P Philadelphia yes
92%
S San Francisco yes
81%
CC Carson City 1870-1893
77%
W West Point yes
65%
O New Orleans until 1909
62%
C Charlotte until 1861
54%
D Dahlonega until 1861
31%
No matching quizzes found
Score Distribution
Percent of People with Each Score
Percentile by Number Answered
Your Score History
You have not taken this quiz